Dwa dni w Chujawe nowoweká powesť

Podrobná bibliografia
Hlavný autor: Záborský, Jonáš, 1812-1876 (Autor)
Korporatívny autor: Kníhtlačiarsky účastinársky spolok (Martin, Slovensko) (Tlačiar)
Médium: Kniha
Jazyk:slovenčina
PhysicalDescription:113 s. 18 cm
Vydavateľské údaje: Turč. Sw. Martin Tlačou a nákladom Kníhtlačiarsko-účastinárskeho spolku 1873
Predmet:

MARC

LEADER 00000cam a2200000 a 4500
001 vtls001261740
003 SK-MaSNL
005 20260301064336.0
008 240318s1873 xo 0 001 slo
035 |a SNK000212619 
040 |a SNK  |b slo  |c SNK  |e AACR2 
041 0 |a slo 
044 |a xo  |c SK 
080 |a 094  |2 2001 
080 |a 82  |2 2001 
080 |a 821.162.4  |2 2001 
080 |a 82-3  |2 2001 
100 1 |a Záborský, Jonáš,  |d 1812-1876  |4 aut  |9 104959 
245 1 0 |a Dwa dni w Chujawe  |b nowoweká powesť  |c Napísal Jonáš Záborský 
260 |a Turč. Sw. Martin  |b Tlačou a nákladom Kníhtlačiarsko-účastinárskeho spolku  |c 1873 
300 |a 113 s.  |c 18 cm 
500 |a Kolácia: [2], 113, [1] s., 8°, 17 x 10 cm 
500 |a Kolácia: [2], 113, [1] s., 8°, 17 x 10 cm 
500 |a Kolácia: [2], 113, [1] s., 8°, 17 x 10 cm 
500 |a Kolácia: [2], 113, [1] s., 8°, 17,5 x 10 cm 
500 |a Kolácia: [2], 113, [1] s., 8°, 17 x 10 cm 
500 |a Tlač poškodená vplyvom zvýšenej vlhkosti (hnedé škvrny) 
500 |a Linky, rukopisné poznámky 
500 |a Linky 
561 |a Peč.: Johann Lenotzky Kremnitz - Štátna vedecká knižnica v Prešove - Štátna vedecká knižnica v Prešove  |5 SVKPO: A 22233 
561 |a Peč.: Štátna vedecká knižnica v Košiciach pracovisko v Prešove, rkp.: Sam. Osuský  |5 SVKPO: A 22233a 
561 |a Peč.: Z rezervných fondov Knižnice Matice slovenskej - Štátna vedecká knižnica Prešov - Štátna vedecká knižnica v Prešove  |5 SVKPO: A 22233b 
561 |a Peč.: Z rezervných fondov Knižnice Matice slovenskej - Štátna vedecká knižnica Prešov - Štátna vedecká knižnica v Prešove  |5 SVKPO: A 22233c 
561 |a Peč.: Štátna vedecká knižnica v Prešove, rkp.: Rysanec (?), Fedor Beniač  |5 SVKPO: A 22233d 
563 |a Väzba: pôvodná papierová obálka, ružová, textové údaje korešpondujú s údajmi na titulnom liste, predná obálka - pečiatka, rkp. pozn. papier. štítok 97, zadná obálka - cena tlače  |5 SVKPO: A 22233 
563 |a Väzba: pôvodná papierová obálka, ružová, textové údaje korešpondujú s údajmi na titulnom liste, zadná obálka - cena tlače  |5 SVKPO: A 22233a 
563 |a Väzba: previazaná, kartón, čierny papier, chrbát a rohy - čierne plátno, fragmenty pôv. papierovej obálky na titulnom liste, poškodená, listy uvoľnené z väzby  |5 SVKPO: A 22233b 
563 |a Väzba: pôvodná papierová obálka, ružová, textové údaje korešpondujú s údajmi na titulnom liste, zadná obálka - cena tlače  |5 SVKPO: A 22233c 
563 |a Väzba: pôvodná papierová obálka, ružová, textové údaje korešpondujú s údajmi na titulnom liste, chrbát - spevnený hnedým plátnom  |5 SVKPO: A 22233d 
650 0 7 |a staré tlače  |2 SNKPH  |9 51683 
650 0 7 |a literatúra  |2 SNKPH  |9 1427 
650 0 7 |a slovenská literatúra  |2 SNKPH  |9 1115 
650 0 7 |a próza  |2 SNKPH  |9 1490 
710 1 |a Kníhtlačiarsky účastinársky spolok (Martin, Slovensko)  |4 pbl  |4 prt  |9 93127 
852 |a SNK 
852 |a SVKPO  |c Historické fondy  |c A 22233 
852 |a SVKPO  |c Historické fondy  |c A 22233a 
852 |a SVKPO  |c Historické fondy  |c A 22233b 
852 |a SVKPO  |c Historické fondy  |c A 22233c 
852 |a SVKPO  |c Historické fondy  |c A 22233d 
958 |a DF 
958 |a LX 
999 |c 626444  |d 628374 
952 |a SNK  |b SNK  |y PREZ  |7 0  |p 17A0492035  |o snkSD 460/prív.1  |i snk1790/27  |8 0  |0 0  |1 0  |4 0  |d 2005-12-01  |l 0  |r 2025-10-16 00:00:00  |w 2026-02-23 
952 |a SNKLM  |b SNKLM  |y NEVYP  |7 0  |o snklmMK 4065  |8 3  |0 0  |1 0  |4 0  |d 2006-06-15  |l 0  |r 2026-02-23 17:12:19  |w 2026-02-23